| 000 | 00992nam a2200301 a 4500 | ||
|---|---|---|---|
| 001 | 000030154 | ||
| 003 | DO-SdBNP | ||
| 005 | 20240530073920.0 | ||
| 007 | ta | ||
| 008 | 110503s2011 dr r 000 0 spa d | ||
| 020 | _z9789945443622 | ||
| 040 |
_aDO-SdBNP _bspa _cBNPHU |
||
| 082 | 4 |
_aRD863.44 _bT646r _222 |
|
| 100 | 1 |
_aToirac, Luis, _d1966- _930255 |
|
| 245 | 1 | 4 |
_aLas ramas del viento / _cLuis Toirac. |
| 260 |
_aSanto Domingo : _bBanco Central de la República Dominicana, _c2011. |
||
| 300 |
_a186 p. ; _c23 cm. |
||
| 490 | 1 |
_aBanco Central de la República Dominicana _v165 |
|
| 490 | 1 |
_aArte y Literatura _v56 |
|
| 500 | _aIncluye datos biográficos del autor en las solapas. | ||
| 590 | _aInventariado, 2019/BT | ||
| 650 | 0 |
_aNovela dominicana _9223 |
|
| 650 | 0 |
_aLiteratura dominicana. _967 |
|
| 830 | 0 |
_aBanco Central de la República Dominicana _n165 _956864 |
|
| 830 | 0 |
_aArte y Literatura _n56 _956865 |
|
| 910 | _aValidado. Control de calidad. MFF | ||
| 942 |
_2ddc _cLBS1 |
||
| 999 |
_c29646 _d29646 |
||